000 03523nam a2200277 4500
003 DO-SdBJH
005 20260417201815.0
008 260416b2025 |||da||| |||| 00| 0 spa d
040 _aDO-SdBJH
_bspa
_cDO-SdBJH
041 0 _aspa
090 _aCT E-DHIH 0010
_bEGDDHH 2025
100 1 _aRivera Thomas, Ruth Esther
_esustentante
245 1 0 _aGarantía de los derechos de periodistas ante conflictos armados por parte del Cuerpo Especializado de Seguridad :
_bFronteriza Terrestre, provincia Dajabón, 2020-2024 /
_cRuth Esther Rivera Thomas, William Vizcaino Canario; asesor metodológico Rafael Ant. Quezada Pérez ; asesor de contenido Mavel Vegazo Cabral.
260 _aSanto Domingo, República Dominicana :
_bUNADE,
_c2025.
300 _axiii, 97 paginas :
_bgraficas, ilustraciones
502 _aTesis y trabajo de Grado (Maestría en Derechos Humanos y Derecho Internacional Humanitario) -- Escuela de Graduados de Derechos Humanos y Derecho Internacional Humanitario -- universidad Nacional para la Defensa, "General Juan Pablo Duarte y Díez" Santo Domingo, 2025.
504 _aIncluye referencia bibliográfica, apéndice y anexos.
505 _aMarco normativo que contempla la regulación a los derechos de periodistas ante conflictos armados en la provincia Dajabón --Impacto en las garantías a los derechos de periodistas ante conflictos armados que tiene el CESFRONT en la provincia Dajabón --Necesidad de un protocolo normativo preventivo para las garantías a los derechos de periodistas ante conflictos armados por parte del CESFRONT en la provincia de Dajabón.
520 _aEsta investigación tiene por objetivo general analizar las garantías a los derechos de periodistas ante conflictos armados por parte del Cuerpo Especializado de Seguridad Fronteriza Terrestre (CESFRONT) en la Provincia Dajabón, durante el periodo 2020-2024. En términos metodológicos el trabajo tiene un enfoque cualitativo con un diseño no experimental de corte transversal y con un razonamiento inductivo. Los métodos para generar datos generales y específicos son analitico-sintetico y lógico-inductivo, colectados mediante fuentes primarias, a través de entrevistas realizadas mediante guías de preguntas y secundarias con la revisión documental con base en fichas bibliográficas. La muestra seleccionada abarca tres oficiales superiores del CESFRONT. La idea a defender es que los derechos de periodistas ante conflictos armados no presentan garantías especificas por parte del citado cuerpo especializado de seguridad en la indicada provincia. Empero, se advierte que el CESFRONT, es el organismo militar con mayor propensión y cualificación para garantizar los derechos de periodistas ante conflictos armados en la frontera dominico-haitiana terrestre en la provincia de Dajabón mediante un protocolo preventivo normativo. Todo permite ponderar la no presentación de garantías especificas por parte del referido cuerpo especializado en el ámbito escrutado y por ende, la no sustentación del objetivo general
650 7 _2lemb
_aConflictos armados
_vTesis y disertaciones académicas
_x Protección de civiles
_zRepública Dominicana
_zDajabón (Provincia)
650 7 _2lemb
_aPeriodistas
_vTesis y disertaciones académicas
_xDerechos
_y2020-2024
_zRepública Dominicana
_zDajabón (Provincia)
700 1 _aVizcaino Canario, William
_esustentante
700 1 _aQuezada Pérez, Rafael Ant.
_easesor metodológico
700 1 _aVegazo Cabral, Mavel
_easesor de contenido
942 _2CL
_cT
999 _c8638
_d8638